Anatomy and physiology with integrated study guide. (Record no. 11940)
[ view plain ]
| 000 -LEADER | |
|---|---|
| fixed length control field | 00804cam a22002532 4500 |
| 001 - CONTROL NUMBER | |
| control field | 0000004788 |
| 005 - DATE AND TIME OF LATEST TRANSACTION | |
| control field | 20151217155210.0 |
| 008 - FIXED-LENGTH DATA ELEMENTS--GENERAL INFORMATION | |
| fixed length control field | 070529s xx 000 0 eng d |
| 020 ## - INTERNATIONAL STANDARD BOOK NUMBER | |
| International Standard Book Number | 069716022X : |
| Terms of availability | KES 700 |
| 040 ## - CATALOGING SOURCE | |
| Original cataloging agency | KABU |
| Transcribing agency | KABU |
| 050 #0 - LIBRARY OF CONGRESS CALL NUMBER | |
| Classification number | QP34.5 |
| Item number | .G86 2000 |
| 100 1# - MAIN ENTRY--PERSONAL NAME | |
| Personal name | Gunstream, Stanley E. |
| -- | 0000155596 |
| 245 10 - TITLE STATEMENT | |
| Title | Anatomy and physiology with integrated study guide. |
| 250 ## - EDITION STATEMENT | |
| Edition statement | 2nd ed. |
| 260 ## - PUBLICATION, DISTRIBUTION, ETC. (IMPRINT) | |
| Place of publication, distribution, etc. | Boston : |
| Name of publisher, distributor, etc. | McGraw-Hill, |
| Date of publication, distribution, etc. | 2000. |
| 300 ## - PHYSICAL DESCRIPTION | |
| Extent | ixv, 530 p. + |
| Accompanying material | 2 CD-ROM. |
| 650 #0 - SUBJECT ADDED ENTRY--TOPICAL TERM | |
| Topical term or geographic name as entry element | Human physiology. |
| -- | 0000155597 |
| 650 #0 - SUBJECT ADDED ENTRY--TOPICAL TERM | |
| Topical term or geographic name as entry element | Human anatomy. |
| -- | 0000155598 |
| 852 1# - LOCATION | |
| -- | p |
| 852 1# - LOCATION | |
| -- | p |
| 908 ## - PUT COMMAND PARAMETER (RLIN) | |
| Put command parameter | 070529 |
| 950 ## - LOCAL HOLDINGS (RLIN) | |
| -- | 1 |
| Withdrawn status | Lost status | Source of classification or shelving scheme | Not for loan | Home library | Current library | Date acquired | Total Checkouts | Total Renewals | Full call number | Barcode | Date last seen | Date last checked out | Price effective from | Koha item type |
|---|---|---|---|---|---|---|---|---|---|---|---|---|---|---|
| Library of Congress Classification | Kabarak, Main Campus | Kabarak, Main Campus | 17/12/2015 | 20 | 3 | QP34.5 .G86 2000 c.3 | 19585 | 01/10/2019 | 01/10/2019 | 17/12/2015 | General Collection | |||
| Library of Congress Classification | Kabarak, Main Campus | Kabarak, Main Campus | 17/12/2015 | 38 | 9 | QP34.5 .G86 2000 c. 1 | 004432 | 03/02/2025 | 17/01/2025 | 17/12/2015 | General Collection | |||
| Library of Congress Classification | Kabarak, Main Campus | Kabarak, Main Campus | 17/12/2015 | 37 | 6 | QP34.5 .G86 2000 c.2 | 21508 | 25/06/2026 | 11/06/2026 | 17/12/2015 | General Collection |